000 01507nam a2200373Ia 4500
005 20211105120542.0
008 130821s2008 ag d fr 1 spa d
020 _z9706865489
020 _a9786075220284 (11a.Ed.)
020 _a9789706865489 (9a.Ed.)
040 _aCO-BoUCM
_bspa
_cSaul Niño (Modificó)
_dAldemar Mondragón (modificó)
041 1 0 _aspa
100 1 _aNicholson, Walter
_933531
245 1 0 _aTeoría microeconómica
_bprincipios básicos y ampliaciones
_cWalter Nicholson, Christopher Snyder ; traducción Enrique C. Mercado González ; revisión técnica Dr. Jesús A. Valdés Díaz de Villegas
250 _a11a ed
260 _aBuenos Aires (Argentina)
_bCengage Learning
_c2008
300 _axxi, 757 páginas
_bilustraciones, gráficos
500 _aIncluye índice
650 7 _aEconomía
_9174
650 7 _aMercados
_919357
650 7 _aMicroeconomía
_919488
650 7 _aMicroeconomía
_vModelos matemáticos
_919488
650 7 _aMicroeconomía
_vProblemas, ejercicios, etc.
_919488
690 _aEconomía
_9174
690 _aMicroeconomía
_919488
700 1 _aSnyder, Christopher
_941737
700 1 _aMercado González, Enrique C.
_etraductor
_979088
700 1 _aValdés Díaz de Villegas, Jesús A.
_978779
700 1 _aMuñoz Sánchez, Mercedes
_979089
700 1 _aÁvalos Bracho, Marcos S.
_979090
765 1 _tMicroeconomic theory: basic principles
942 _cLIBRO
_a7
_e11
_mN624tcen
_2DEWEY
_h338.5
999 _c59237
_d59237